[Event "SUI-chT"]
[Site "Switzerland"]
[Date "2024.04.14"]
[Round "2.1"]
[White "Bauer, Christian"]
[Black "Klauser, Markus"]
[Result "1-0"]
[WhiteElo "2559"]
[BlackElo "2348"]
[PlyCount "69"]
[EventDate "2024.03.10"]
[EventType "team-tourn"]
[EventRounds "9"]
[EventCountry "SUI"]
[SourceTitle "CB19_2024"]
[SourceDate "2024.05.08"]
[SourceVersion "1"]
[SourceVersionDate "2024.05.08"]
[SourceQuality "1"]
[WhiteTeam "Zuerich"]
[BlackTeam "Bern Schwarz Weiss"]
[WhiteTeamCountry "SUI"]
[BlackTeamCountry "SUI"]

1. d4 Nf6 2. Nf3 e6 3. Bf4 b6 4. e3 Bb7 5. Bd3 Be7 6. h3 d5 7. Ne5 a6 8. Nd2 Nbd7 9. h4 Nxe5 10. dxe5 Nd7 11. Qg4 g6 12. Nf3 h5 13. Qg3 Nc5 14. 0-0 Qd7 15. Bg5 0-0-0 16. Qf4 Bxg5 17. Nxg5 Rhf8 18. Rfd1 Qe7 19. Qg3 d4 20. Bc4 dxe3 21. Qxe3 a5 22. c3 Bd5 23. Bb5 Nd7 24. Qe2 Qc5 25. a4 Bc6 26. b4 Bxb5 27. axb5 Qxe5 28. Qf3 Qxb5 29. bxa5 Nb8 30. Rxd8+ Rxd8 31. axb6 Qxb6 32. Qxf7 Rd2 33. Ne4 Re2 34. Qxg6 Na6 35. Rxa6 1-0

[Event "SUI-chT"]
[Site "Switzerland"]
[Date "2024.03.10"]
[Round "1.1"]
[White "Georgiadis, Nico"]
[Black "Bauer, Christian"]
[Result "0-1"]
[WhiteElo "2537"]
[BlackElo "2559"]
[PlyCount "70"]
[EventDate "2024.03.10"]
[EventType "team-tourn"]
[EventRounds "9"]
[EventCountry "SUI"]
[SourceTitle "CB19_2024"]
[SourceDate "2024.05.08"]
[SourceVersion "1"]
[SourceVersionDate "2024.05.08"]
[SourceQuality "1"]
[WhiteTeam "Winterthur"]
[BlackTeam "Zuerich"]
[WhiteTeamCountry "SUI"]
[BlackTeamCountry "SUI"]

1. e4 e6 2. d4 d5 3. Nc3 Bb4 4. e5 Bf8 5. Be3 Ne7 6. Bd3 b6 7. Nf3 Ba6 8. Ne2 Bxd3 9. Qxd3 Qc8 10. b3 c5 11. 0-0 Nd7 12. c4 cxd4 13. Nexd4 dxc4 14. Qe4 Nc5 15. Qg4 h5 16. Qh3 Nd5 17. bxc4 Nxe3 18. fxe3 Be7 19. Nb5 Ne4 20. Rad1 Qxc4 21. a4 Nc3 22. Nd2 Qc6 23. Nxc3 Qxc3 24. Qg3 0-0 25. Ne4 Qc2 26. Qf3 Rad8 27. Rxd8 Bxd8 28. Nd6 Qg6 29. e4 Be7 30. h3 h4 31. Qc3 Qg5 32. Qc7 Bd8 33. Qxa7 Qxe5 34. Nxf7 Qc5+ 35. Kh1 Qc7 0-1

[Event "Bundesliga 2324"]
[Site "Germany"]
[Date "2024.02.23"]
[Round "9.3"]
[White "Bauer, Christian"]
[Black "Vachier Lagrave, Maxime"]
[Result "1/2-1/2"]
[WhiteElo "2552"]
[BlackElo "2727"]
[PlyCount "41"]
[EventDate "2023.10.21"]
[EventType "team-tourn"]
[EventRounds "15"]
[EventCountry "GER"]
[SourceTitle "CB09_2024"]
[SourceDate "2024.02.28"]
[SourceVersion "1"]
[SourceVersionDate "2024.02.28"]
[SourceQuality "1"]
[WhiteTeam "Oetigheim"]
[BlackTeam "Baden-Baden"]
[WhiteTeamCountry "GER"]
[BlackTeamCountry "GER"]

1. d4 Nf6 2. Nf3 g6 3. Nbd2 d5 4. e3 Bg7 5. b4 0-0 6. Bb2 Be6 7. Be2 Ne8 8. c4 dxc4 9. Bxc4 Bxc4 10. Nxc4 Qd5 11. Qb3 a6 12. 0-0 Nc6 13. Na5 Qxb3 14. axb3 Nxa5 15. bxa5 Nd6 16. Rfc1 Rac8 17. Rc5 Rfd8 18. Rac1 Nb5 19. g4 e6 20. Kg2 Bf8 21. R5c4 1/2-1/2

[Event "Bundesliga 2324"]
[Site "Germany"]
[Date "2024.01.13"]
[Round "5.3"]
[White "Dragnev, Valentin"]
[Black "Bauer, Christian"]
[Result "1/2-1/2"]
[WhiteElo "2586"]
[BlackElo "2552"]
[PlyCount "99"]
[EventDate "2023.10.21"]
[EventType "team-tourn"]
[EventRounds "15"]
[EventCountry "GER"]
[SourceTitle "CB03_2024"]
[SourceDate "2024.01.17"]
[SourceVersion "1"]
[SourceVersionDate "2024.01.17"]
[SourceQuality "1"]
[WhiteTeam "Bayern Muenchen"]
[BlackTeam "Oetigheim"]
[WhiteTeamCountry "GER"]
[BlackTeamCountry "GER"]

1. Nf3 Nf6 2. c4 c5 3. Nc3 Nc6 4. g3 g6 5. Bg2 Bg7 6. d4 cxd4 7. Nxd4 0-0 8. 0-0 Qa5 9. Nc2 d6 10. Bd2 Qh5 11. e4 Qxd1 12. Rfxd1 Be6 13. Nd5 Rfc8 14. Rac1 Nd7 15. b3 a5 16. f4 Kf8 17. Be3 Bxd5 18. Rxd5 Nb4 19. Nxb4 axb4 20. Bh3 Rc7 21. e5 Rxa2 22. exd6 exd6 23. Rxd6 f5 24. Rcd1 Re2 25. Bf2 Nc5 26. g4 fxg4 27. Bxg4 Re8 28. R6d5 Ne4 29. Bb6 Rc6 30. Ba5 Bc3 31. Bd7 Re7 32. Bxc6 bxc6 33. Rd8+ Kf7 34. Rc8 Nd2 35. Rxc6 Re2 36. Rc7+ Ke6 37. Rxh7 Nxb3 38. Bd8 Bd4+ 39. Kh1 Kf5 40. Rh3 Nd2 41. Rd3 Bc3 42. c5 Ne4 43. Bh4 Kg4 44. Bg3 Nxc5 45. Rd6 Ne6 46. Rg1 Kf5 47. Rd5+ Ke4 48. Rd6 Kf5 49. Rd5+ Ke4 50. Rd6 1/2-1/2

[Event "Vandoeuvre op 20th"]
[Site "Vandoeuvre les Nancy"]
[Date "2024.01.04"]
[Round "4"]
[White "Bauer, Christian"]
[Black "Njili, Kamel"]
[Result "1-0"]
[WhiteElo "2558"]
[BlackElo "2410"]
[PlyCount "147"]
[EventDate "2024.01.03"]
[EventType "swiss"]
[EventRounds "9"]
[EventCountry "FRA"]
[SourceTitle "CB02_2024"]
[SourceDate "2024.01.10"]
[SourceVersion "1"]
[SourceVersionDate "2024.01.10"]
[SourceQuality "1"]

1. e4 c5 2. Na3 Nc6 3. Bb5 e6 4. Bxc6 bxc6 5. d3 Ne7 6. f4 d5 7. Nf3 c4 8. dxc4 Ba6 9. Qd4 dxe4 10. Qxe4 Qb6 11. c3 Nf5 12. b4 Rd8 13. c5 Bxc5 14. bxc5 Qxc5 15. Qb4 Qd5 16. Kf2 f6 17. Re1 Kf7 18. c4 Qd7 19. Qa5 Qc8 20. Qc5 Rd7 21. Bd2 h5 22. Ba5 h4 23. Rad1 Rh5 24. Kg1 Ng3 25. Qe3 Rxd1 26. Rxd1 Rxa5 27. hxg3 hxg3 28. Qxa7+ Kg6 29. Qe3 Qf8 30. Nc2 Rxa2 31. Qxe6 Qc5+ 32. Ncd4 Bxc4 33. Qe4+ Kf7 34. Re1 Ra8 35. Qxc6 Qxc6 36. Nxc6 Bd5 37. Ncd4 Ra4 38. Ne2 Re4 39. Nc3 Rxe1+ 40. Nxe1 Bc6 41. Nf3 Kg6 42. Nd4 Bb7 43. Nce2 Kh5 44. Nxg3+ Kg4 45. Nge2 g5 46. g3 Bd5 47. Kf2 Bc4 48. fxg5 fxg5 49. Nc3 Kh5 50. Nf3 Bd3 51. Ne5 Bf5 52. Ke3 Bc8 53. Kd4 Kh6 54. Kc5 Kg7 55. Kd6 Kf8 56. Ne4 Bf5 57. Nxg5 Ke8 58. Nef3 Bg4 59. Ke5 Ke7 60. Nh4 Kd7 61. Kf4 Bh5 62. Ngf3 Ke6 63. Kg5 Be8 64. Nf5 Ba4 65. g4 Bd1 66. Kf4 Kf6 67. g5+ Kf7 68. Ne5+ Ke6 69. Nd4+ Ke7 70. Kf5 Bh5 71. Ndc6+ Kd6 72. Kf6 Kd5 73. Ne7+ Ke4 74. Nf5 1-0

[Event "Bayern-chI Bank Hofmann 26th"]
[Site "Tegernsee"]
[Date "2023.11.05"]
[Round "9"]
[White "Besou, Hussain"]
[Black "Bauer, Christian"]
[Result "0-1"]
[WhiteElo "2351"]
[BlackElo "2552"]
[PlyCount "60"]
[EventDate "2023.10.28"]
[EventType "swiss"]
[EventRounds "9"]
[EventCountry "GER"]
[SourceTitle "Mega2024 Update 01"]
[Source "Chessbase"]
[SourceDate "2023.11.12"]
[SourceVersion "1"]
[SourceVersionDate "2023.11.12"]
[SourceQuality "1"]

1. d4 e6 2. c4 Bb4+ 3. Bd2 a5 4. e4 d5 5. cxd5 exd5 6. e5 Nh6 7. a3 Bxd2+ 8. Qxd2 f6 9. Nc3 0-0 10. f4 fxe5 11. fxe5 Ng4 12. Nh3 c5 13. Nf4 Nc6 14. dxc5 d4 15. Bc4+ Kh8 16. Ncd5 Ngxe5 17. Ba2 g5 18. Ne2 Be6 19. Nb6 Bxa2 20. Rxa2 Rb8 21. h4 d3 22. Nc3 gxh4 23. Ncd5 Qe8 24. Kd1 Rd8 25. b4 Qe6 26. Ne3 Qb3+ 27. Kc1 Nd4 28. Rb2 Ne2+ 29. Kb1 Nc3+ 30. Kc1 Qxa3 0-1

[Event "Bayern-chI Bank Hofmann 26th"]
[Site "Tegernsee"]
[Date "2023.10.30"]
[Round "3"]
[White "Bauer, Christian"]
[Black "Dolzhikova, Kateryna"]
[Result "1-0"]
[WhiteElo "2552"]
[BlackElo "2336"]
[PlyCount "67"]
[EventDate "2023.10.28"]
[EventType "swiss"]
[EventRounds "9"]
[EventCountry "GER"]
[SourceTitle "Mega2024 Update 01"]
[Source "Chessbase"]
[SourceDate "2023.11.12"]
[SourceVersion "1"]
[SourceVersionDate "2023.11.12"]
[SourceQuality "1"]

1. e4 e6 2. d3 d5 3. Qe2 Nc6 4. Nf3 e5 5. c3 Bg4 6. Nbd2 Be7 7. h3 Be6 8. b4 d4 9. b5 dxc3 10. bxc6 cxd2+ 11. Qxd2 bxc6 12. Qc3 Rb8 13. Qxc6+ Kf8 14. Qc3 f6 15. a3 Rb3 16. Qc2 c5 17. Be2 Nh6 18. 0-0 Kf7 19. Nd2 Rb7 20. Nc4 Qc8 21. Bxh6 gxh6 22. Bh5+ Kg7 23. Bg4 Bxg4 24. hxg4 Rg8 25. Rab1 Kh8 26. Rxb7 Qxb7 27. Rb1 Qd7 28. Ne3 c4 29. Qxc4 Bxa3 30. Nf5 a5 31. Qa6 Be7 32. Rb7 Qc8 33. g3 Rxg4 34. Qa7 1-0

[Event "Bayern-chI Bank Hofmann 26th"]
[Site "Tegernsee"]
[Date "2023.10.28"]
[Round "1"]
[White "Bauer, Christian"]
[Black "Ernst, Robert"]
[Result "1-0"]
[WhiteElo "2552"]
[BlackElo "2093"]
[PlyCount "89"]
[EventDate "2023.10.28"]
[EventType "swiss"]
[EventRounds "9"]
[EventCountry "GER"]
[SourceTitle "Mega2024 Update 01"]
[Source "Chessbase"]
[SourceDate "2023.11.12"]
[SourceVersion "1"]
[SourceVersionDate "2023.11.12"]
[SourceQuality "1"]

1. Nf3 d5 2. c4 c6 3. e3 Nf6 4. Nc3 a6 5. h3 b5 6. b3 Bf5 7. Bb2 h6 8. d4 e6 9. Bd3 Bxd3 10. Qxd3 Be7 11. 0-0 0-0 12. Rfc1 Nbd7 13. cxd5 cxd5 14. Rc2 Qb8 15. Rac1 Qb7 16. a4 b4 17. Ne2 Rfc8 18. Nf4 Ne4 19. Ne5 Nxe5 20. dxe5 Nc5 21. Qd1 Rc6 22. Bd4 Rac8 23. g3 Nd7 24. Nd3 Nb8 25. h4 Rxc2 26. Rxc2 Rc6 27. Kh2 Rxc2 28. Qxc2 Qc6 29. Qd1 Nd7 30. Kh3 Qc7 31. f4 h5 32. f5 exf5 33. Qxh5 Qc2 34. e6 fxe6 35. Qe8+ Bf8 36. Qxe6+ Kh8 37. Qxf5 Qd1 38. Nf2 Qf1+ 39. Kh2 Bd6 40. Qh5+ Kg8 41. Qxd5+ Kh8 42. Qg2 Qb1 43. Qa8+ Nb8 44. Qd5 Qf1 45. e4 1-0

[Event "SUI-ch op 122nd"]
[Site "Leukerbad"]
[Date "2023.07.18"]
[Round "4"]
[White "Shatil, Shir"]
[Black "Bauer, Christian"]
[Result "0-1"]
[WhiteElo "2123"]
[BlackElo "2590"]
[PlyCount "42"]
[EventDate "2023.07.07"]
[EventType "swiss"]
[EventRounds "9"]
[EventCountry "SUI"]
[SourceTitle "EXT 2024"]
[Source "ChessBase"]
[SourceDate "2023.10.10"]
[SourceVersion "1"]
[SourceVersionDate "2023.10.10"]
[SourceQuality "1"]

1. d4 Nc6 2. c4 e5 3. d5 Nce7 4. Nc3 Ng6 5. Nf3 Bb4 6. Qc2 a5 7. h4 d6 8. h5 N6e7 9. e4 h6 10. Bd2 Nf6 11. Be2 c6 12. 0-0-0 cxd5 13. cxd5 Bd7 14. Kb1 Rc8 15. Ne1 Bxc3 16. Bxc3 b5 17. Qd3 b4 18. Bd2 Nxe4 19. Qf3 Nf6 20. Bc1 Bg4 21. Qe3 Nexd5 0-1

[Event "La Plagne Soleil op"]
[Site "La Plagne"]
[Date "2023.07.13"]
[Round "8"]
[White "Raja, Rithvik R"]
[Black "Bauer, Christian"]
[Result "1-0"]
[WhiteElo "2469"]
[BlackElo "2590"]
[PlyCount "77"]
[EventDate "2023.07.08"]
[EventType "swiss"]
[EventRounds "9"]
[EventCountry "FRA"]
[SourceTitle "CBM 215 Extra"]
[Source "ChessBase"]
[SourceDate "2023.09.30"]
[SourceVersion "1"]
[SourceVersionDate "2023.09.30"]
[SourceQuality "1"]

1. d4 g6 2. e4 d5 3. exd5 Qxd5 4. Nc3 Qd8 5. Nf3 Bg7 6. Be3 Nh6 7. Qd2 Nf5 8. 0-0-0 Nd7 9. Bf4 Nf6 10. Kb1 c6 11. Be5 Nd6 12. Bd3 Be6 13. Ng5 Bd5 14. f3 Nc4 15. Qe1 h6 16. Nh3 0-0 17. Nf4 Rc8 18. h4 b5 19. Rh3 b4 20. Nce2 Nxe5 21. dxe5 e6 22. Nxd5 cxd5 23. f4 Ng4 24. h5 g5 25. Rg3 f5 26. exf6 Qxf6 27. Nd4 Kh8 28. Be2 Nf2 29. Qxf2 e5 30. Nb5 a6 31. Na7 exf4 32. Rb3 Rc7 33. Bg4 d4 34. Nc8 a5 35. Rbd3 a4 36. Rxd4 a3 37. Nd6 axb2 38. Nf5 Qa6 39. Nxg7 1-0

[Event "FRA Cup"]
[Site "La Roche sur Yon"]
[Date "2023.07.01"]
[Round "1.2"]
[White "Cornette, Matthieu"]
[Black "Bauer, Christian"]
[Result "1/2-1/2"]
[WhiteElo "2584"]
[BlackElo "2590"]
[PlyCount "98"]
[EventDate "2023.07.01"]
[EventType "team-k.o."]
[EventRounds "2"]
[EventCountry "FRA"]
[SourceTitle "CBM 215 Extra"]
[Source "ChessBase"]
[SourceDate "2023.09.30"]
[SourceVersion "1"]
[SourceVersionDate "2023.09.30"]
[SourceQuality "1"]
[WhiteTeam "Asnieres"]
[BlackTeam "Chartres"]
[WhiteTeamCountry "FRA"]
[BlackTeamCountry "FRA"]

1. e4 d5 2. exd5 Qxd5 3. Nc3 Qa5 4. d4 Nf6 5. Nf3 Bf5 6. Bc4 e6 7. Bd2 Bb4 8. a3 Bxc3 9. Bxc3 Qb6 10. 0-0 Nc6 11. b4 a6 12. Rb1 0-0 13. Qe2 Rad8 14. b5 axb5 15. Bxb5 Bg4 16. Rfd1 Nd5 17. Ba1 Qa5 18. h3 Bh5 19. c4 Nc3 20. Bxc3 Qxc3 21. Qe3 Qxe3 22. fxe3 Ne7 23. c5 Ra8 24. Rb3 Ra7 25. Rdb1 Bg6 26. Bd3 Bxd3 27. Rxd3 h6 28. Rdb3 Rb8 29. Kf2 f6 30. Ne1 Nc6 31. Nc2 Kf7 32. e4 Ne7 33. Ne3 Rd8 34. d5 exd5 35. exd5 Nxd5 36. Rxb7 Rxa3 37. Nxd5 Rxd5 38. Rxc7+ Kg8 39. Rb2 Rc3 40. c6 Kh7 41. Kg1 Rg5 42. Kh2 h5 43. Rf2 Rc4 44. Rf3 h4 45. Rf2 Kg6 46. Rd2 Rg3 47. Rcd7 Rxc6 48. R7d4 Kg5 49. Rxh4 Kxh4 1/2-1/2

[Event "FRA-chT Top 16 Gp Haute"]
[Site "Chartres"]
[Date "2023.06.10"]
[Round "3.2"]
[White "Bauer, Christian"]
[Black "Pelletier, Yannick"]
[Result "0-1"]
[WhiteElo "2593"]
[BlackElo "2511"]
[PlyCount "70"]
[EventDate "2023.06.08"]
[EventType "team-tourn"]
[EventRounds "4"]
[EventCountry "FRA"]
[SourceTitle "CBM 214 Extra"]
[Source "ChessBase"]
[SourceDate "2023.07.31"]
[SourceVersion "1"]
[SourceVersionDate "2023.07.31"]
[SourceQuality "1"]
[WhiteTeam "Chartres"]
[BlackTeam "Asnieres"]
[WhiteTeamCountry "FRA"]
[BlackTeamCountry "FRA"]

1. e4 e6 2. d4 d5 3. e5 c5 4. c3 Nc6 5. Nf3 Bd7 6. Be2 Nge7 7. 0-0 cxd4 8. cxd4 Nf5 9. Nc3 Rc8 10. a3 a6 11. Kh1 Qb6 12. Na4 Qa7 13. Be3 b5 14. Nc3 Be7 15. Bd3 Nxe3 16. fxe3 0-0 17. Ne2 f6 18. Nf4 fxe5 19. Nxe5 Nxe5 20. dxe5 Bg5 21. Qh5 Bh6 22. Rf3 d4 23. Rg3 Kh8 24. Rh3 Be8 25. Qg4 dxe3 26. Nxe6 Qd7 27. Rg3 Rf2 28. Qe4 g6 29. Ng5 Rd2 30. Bf1 Rd1 31. Rxd1 Qxd1 32. Rf3 Bxg5 33. e6 e2 34. Qe5+ Kg8 35. Kg1 Rc1 0-1

[Event "FRA-chT Top 16 Gp Haute"]
[Site "Chartres"]
[Date "2023.06.09"]
[Round "2.2"]
[White "Bauer, Christian"]
[Black "Van Foreest, Jorden"]
[Result "1/2-1/2"]
[WhiteElo "2593"]
[BlackElo "2695"]
[PlyCount "100"]
[EventDate "2023.06.08"]
[EventType "team-tourn"]
[EventRounds "4"]
[EventCountry "FRA"]
[SourceTitle "CBM 214 Extra"]
[Source "ChessBase"]
[SourceDate "2023.07.31"]
[SourceVersion "1"]
[SourceVersionDate "2023.07.31"]
[SourceQuality "1"]
[WhiteTeam "Chartres"]
[BlackTeam "Clichy Echecs 92"]
[WhiteTeamCountry "FRA"]
[BlackTeamCountry "FRA"]

1. d4 Nf6 2. Nf3 d5 3. c4 c6 4. Nc3 e6 5. cxd5 exd5 6. Qc2 Be7 7. Bg5 g6 8. e3 Bf5 9. Bd3 Bxd3 10. Qxd3 Nbd7 11. Bh6 Bd6 12. h3 Qe7 13. Nd2 0-0-0 14. 0-0-0 Kb8 15. Kb1 Nf8 16. Bf4 Ne6 17. Bxd6+ Qxd6 18. Nb3 h5 19. Qc2 h4 20. f3 Nh5 21. Rhe1 Rhe8 22. a3 Qg3 23. Re2 Re7 24. Ka2 Rde8 25. Red2 Qd6 26. e4 Ng3 27. Na5 Qd8 28. Qa4 dxe4 29. d5 e3 30. Rc2 e2 31. Nxe2 Nxe2 32. Rxe2 cxd5 33. Qb5 Qc8 34. Qxd5 Nc7 35. Rxe7 Nxd5 36. Rxb7+ Ka8 37. Rxd5 Qe6 38. Rbd7 Rb8 39. Nc4 Rc8 40. b3 f6 41. a4 Qe1 42. a5 Rb8 43. Rd2 Rc8 44. a6 Qc1 45. Nb2 Qf1 46. R7d6 Kb8 47. Nc4 Qc1 48. Rd7 Rc6 49. Rd8+ Rc8 50. R8d7 Rc6 1/2-1/2

[Event "FRA-chT Top 16 GpA"]
[Site "Chartres"]
[Date "2023.06.06"]
[Round "6.6"]
[White "Mekhane, Adam"]
[Black "Bauer, Christian"]
[Result "1/2-1/2"]
[WhiteElo "2280"]
[BlackElo "2592"]
[PlyCount "142"]
[EventDate "2023.06.01"]
[EventType "team-tourn"]
[EventRounds "7"]
[EventCountry "FRA"]
[SourceTitle "CBM 214 Extra"]
[Source "ChessBase"]
[SourceDate "2023.07.31"]
[SourceVersion "1"]
[SourceVersionDate "2023.07.31"]
[SourceQuality "1"]
[WhiteTeam "Tremblay en France"]
[BlackTeam "Chartres"]
[WhiteTeamCountry "FRA"]
[BlackTeamCountry "FRA"]

1. e4 g6 2. d4 Bg7 3. Nf3 d6 4. Bd3 c5 5. c3 cxd4 6. cxd4 Bg4 7. Be3 Nc6 8. Be2 Bxf3 9. Bxf3 Qb6 10. d5 Nd4 11. Qa4+ Kf8 12. Nd2 Qxb2 13. Rb1 Qc2 14. Bd1 Qxa4 15. Bxa4 b6 16. Rc1 b5 17. Bxd4 Bxd4 18. Bxb5 Rb8 19. a4 Nf6 20. Ke2 g5 21. Rc4 Bb6 22. Rhc1 Kg7 23. Nf1 Ng4 24. Ne3 h5 25. Nf5+ Kf6 26. f3 Ne5 27. R4c3 h4 28. Ne3 Ng6 29. Ng4+ Kg7 30. Kf1 Nf4 31. Nf2 Bc5 32. Nd3 Be3 33. R1c2 Bb6 34. Nf2 Bc5 35. Nd3 Bd4 36. Rb3 a6 37. Nxf4 gxf4 38. Bc4 Rxb3 39. Bxb3 Rb8 40. Ba2 Bc5 41. a5 Rb5 42. Bc4 Rxa5 43. Ra2 Rxa2 44. Bxa2 Kf6 45. Ke2 Ke5 46. Kd3 f5 47. exf5 Kxf5 48. Bc4 a5 49. Bb5 Ke5 50. Kc4 e6 51. dxe6 Kxe6 52. Bc6 Ke5 53. Kb5 Bb4 54. Kc4 Be1 55. Bd5 a4 56. Bg8 Bd2 57. Kd3 Bb4 58. Ba2 d5 59. Bb1 h3 60. gxh3 Bc5 61. h4 a3 62. h5 Kf6 63. Ba2 d4 64. h4 Kg7 65. Ke4 Kh6 66. Bf7 Bb6 67. Kd3 Kg7 68. Ba2 Kf6 69. Ke4 Bc5 70. Bb3 Kg7 71. Ba2 Kh6 1/2-1/2

[Event "FRA-chT Top 16 GpA"]
[Site "Chartres"]
[Date "2023.06.04"]
[Round "4.1"]
[White "Buscara, Sevan"]
[Black "Bauer, Christian"]
[Result "0-1"]
[WhiteElo "2361"]
[BlackElo "2592"]
[PlyCount "84"]
[EventDate "2023.06.01"]
[EventType "team-tourn"]
[EventRounds "7"]
[EventCountry "FRA"]
[SourceTitle "CBM 214 Extra"]
[Source "ChessBase"]
[SourceDate "2023.07.31"]
[SourceVersion "1"]
[SourceVersionDate "2023.07.31"]
[SourceQuality "1"]
[WhiteTeam "Lyon"]
[BlackTeam "Chartres"]
[WhiteTeamCountry "FRA"]
[BlackTeamCountry "FRA"]

1. e4 e6 2. d4 d5 3. Nc3 Bb4 4. exd5 exd5 5. Bd3 Nc6 6. Nge2 Nge7 7. 0-0 Bg4 8. Qd2 Qd7 9. a3 Ba5 10. Qf4 0-0 11. Ng3 Ng6 12. Qg5 Bxc3 13. bxc3 f6 14. Qd2 Nh4 15. f3 Be6 16. Qf2 Na5 17. Nh5 Ng6 18. Qg3 Rf7 19. Bh6 Raf8 20. Rae1 Nc6 21. Bxg6 hxg6 22. Qxg6 Bf5 23. Qg3 Bxc2 24. Rf2 Bf5 25. Rfe2 Kh8 26. Bc1 Nd8 27. a4 Rg8 28. Ba3 Nc6 29. Nf4 g5 30. Ne6 b6 31. h4 g4 32. fxg4 Be4 33. Rxe4 dxe4 34. Rxe4 f5 35. Re5 Rxg4 36. Qe3 Nxe5 37. Qxe5+ Kg8 38. d5 Rxa4 39. Qg3+ Rg4 40. Qe5 Re4 41. Qg3+ Rg4 42. Qe5 Qa4 0-1

[Event "FRA-chT Top 16 GpA"]
[Site "Chartres"]
[Date "2023.06.01"]
[Round "1.1"]
[White "Rodshtein, Maxim"]
[Black "Bauer, Christian"]
[Result "1-0"]
[WhiteElo "2606"]
[BlackElo "2592"]
[PlyCount "103"]
[EventDate "2023.06.01"]
[EventType "team-tourn"]
[EventRounds "7"]
[EventCountry "FRA"]
[SourceTitle "CBM 214 Extra"]
[Source "ChessBase"]
[SourceDate "2023.07.31"]
[SourceVersion "1"]
[SourceVersionDate "2023.07.31"]
[SourceQuality "1"]
[WhiteTeam "Bischwiller"]
[BlackTeam "Chartres"]
[WhiteTeamCountry "FRA"]
[BlackTeamCountry "FRA"]

1. d4 Nf6 2. c4 e6 3. Nf3 d5 4. g3 Bb4+ 5. Bd2 Be7 6. Bg2 c6 7. Qc2 Nbd7 8. 0-0 Ne4 9. Be3 Nd6 10. b3 b6 11. Bf4 Bb7 12. Nbd2 0-0 13. e4 Nxe4 14. Nxe4 dxe4 15. Qxe4 Nf6 16. Qe2 c5 17. Rfd1 cxd4 18. Rxd4 Qc8 19. Ne5 Bc5 20. Rd3 Bxg2 21. Kxg2 Qb7+ 22. Qf3 Qxf3+ 23. Kxf3 Rfc8 24. Rad1 Ne8 25. Rd7 f6 26. Nf7 Bf8 27. Bd6 Nxd6 28. Nxd6 Rd8 29. Nb5 Rxd7 30. Rxd7 a6 31. Nd4 Re8 32. Ke4 Bc5 33. f3 h5 34. Rb7 a5 35. Rd7 Kh7 36. Nb5 e5 37. Nc7 Rg8 38. Kf5 Kh6 39. Ne6 Bg1 40. h3 Bf2 41. g4 hxg4 42. hxg4 Bh4 43. Rb7 g6+ 44. Ke4 Bf2 45. Rf7 Bh4 46. a3 Re8 47. Kd5 Rc8 48. b4 axb4 49. axb4 Be1 50. b5 Bc3 51. Rxf6 e4 52. Rf7 1-0

[Event "Bern op"]
[Site "Bern"]
[Date "2023.05.18"]
[Round "1"]
[White "Bauer, Christian"]
[Black "Urwyler, Nikash"]
[Result "1-0"]
[WhiteElo "2592"]
[BlackElo "1932"]
[PlyCount "63"]
[EventDate "2023.05.18"]
[EventType "swiss"]
[EventRounds "7"]
[EventCountry "SUI"]
[SourceTitle "CBM 214 Extra"]
[Source "ChessBase"]
[SourceDate "2023.07.31"]
[SourceVersion "1"]
[SourceVersionDate "2023.07.31"]
[SourceQuality "1"]

1. b3 e5 2. Bb2 Nc6 3. e3 d5 4. Bb5 Bd6 5. f4 Qe7 6. Nf3 Bg4 7. fxe5 Bxe5 8. Bxe5 Bxf3 9. Qxf3 Qxe5 10. 0-0 Nf6 11. Bxc6+ bxc6 12. Nc3 0-0 13. Qf4 Rfe8 14. Rad1 Re7 15. Qa4 Qd6 16. Rf4 c5 17. Rdf1 c6 18. Ne2 Nd7 19. R4f2 Nf6 20. Ng3 Qc7 21. Rxf6 gxf6 22. Qh4 Re6 23. Nh5 Qe5 24. Nxf6+ Rxf6 25. Qxf6 Qxf6 26. Rxf6 Rc8 27. Kf2 Kg7 28. Rf4 Re8 29. Ra4 Re7 30. Ra5 Kf6 31. Rxc5 Rc7 32. b4 1-0

[Event "Paris Blitz op"]
[Site "Paris"]
[Date "2023.03.05"]
[Round "2"]
[White "Bauer, Christian"]
[Black "Bacrot, Alexandre"]
[Result "1-0"]
[WhiteElo "2596"]
[BlackElo "2388"]
[PlyCount "83"]
[EventDate "2023.03.05"]
[EventType "swiss (blitz)"]
[EventRounds "11"]
[EventCountry "FRA"]
[SourceTitle "CBM 213 Extra"]
[Source "ChessBase"]
[SourceDate "2023.05.31"]
[SourceVersion "1"]
[SourceVersionDate "2023.05.31"]
[SourceQuality "1"]

1. Nf3 d5 2. Nc3 g6 3. e4 dxe4 4. Nxe4 Bg7 5. Bc4 e6 6. d4 Nd7 7. c3 Ngf6 8. Qe2 0-0 9. Bg5 h6 10. Bh4 b6 11. Bb5 g5 12. Nxf6+ Nxf6 13. Bc6 Rb8 14. Bg3 Bb7 15. Ne5 Bxc6 16. Nxc6 Qe8 17. Nxb8 Qxb8 18. h4 Qb7 19. hxg5 Qxg2 20. 0-0-0 hxg5 21. Be5 Qe4 22. Qd2 Qf5 23. f3 Ne8 24. Qh2 f6 25. Bxc7 Qxf3 26. Bg3 Qe4 27. Rde1 Qf5 28. Qh5 Rf7 29. Rhf1 Qd5 30. Kb1 Nd6 31. Bxd6 Qxd6 32. Qg6 Qd5 33. Ka1 b5 34. Rh1 Kf8 35. Rh7 Qf5 36. Qh5 g4 37. Qh1 Qd5 38. Qh4 Qf5 39. Rh5 Qf3 40. Rxb5 Rb7 41. Rxb7 Qxb7 42. Qxg4 1-0

[Event "Paris Blitz op"]
[Site "Paris"]
[Date "2023.03.05"]
[Round "10"]
[White "Bauer, Christian"]
[Black "Fedorchuk, Sergey A"]
[Result "0-1"]
[WhiteElo "2596"]
[BlackElo "2636"]
[PlyCount "72"]
[EventDate "2023.03.05"]
[EventType "swiss (blitz)"]
[EventRounds "11"]
[EventCountry "FRA"]
[SourceTitle "CBM 213 Extra"]
[Source "ChessBase"]
[SourceDate "2023.05.31"]
[SourceVersion "1"]
[SourceVersionDate "2023.05.31"]
[SourceQuality "1"]

1. d4 Nf6 2. Nf3 e6 3. Bf4 d6 4. Nc3 Nh5 5. Bg5 Be7 6. h4 h6 7. Bd2 b6 8. e4 Bb7 9. Bb5+ Nd7 10. Qe2 a6 11. Bd3 c5 12. d5 e5 13. Nxe5 Nxe5 14. Qxh5 b5 15. Bf4 Bf6 16. Bf1 b4 17. Nd1 Qe7 18. Bg3 c4 19. Bxe5 Bxe5 20. Bxc4 Rc8 21. Bd3 0-0 22. 0-0 f5 23. exf5 Bxd5 24. Ne3 Bf7 25. Qg4 Bxb2 26. Rae1 Qf6 27. Bxa6 Rc5 28. Bd3 Bc3 29. Re2 h5 30. Qf3 Qxh4 31. Rd1 Qg5 32. Be4 Bxa2 33. Rxd6 Be5 34. Ra6 Bf7 35. Bd5 Bxd5 36. Nxd5 Qc1+ 0-1